[Event "EICC 2019"]
[Site "Skopia"]
[Date "2019.03.29"]
[Round "11.2"]
[White "Gledura, Benjamin"]
[Black "Grandelius, Nils"]
[Result "0-1"]
[WhiteElo "2630"]
[BlackElo "2694"]
[Annotator "TA"]
[PlyCount "60"]
[EventDate "2019.03.18"]
[EventType "swiss"]
[EventCountry "MKD"]
[SourceTitle "playchess.com"]
[Source "ChessBase"]
[SourceQuality "1"]

{[%evp 26,60,-15,-25,-27,-28,-28,-24,-35,-54,-50,-75,-48,-45,-50,-59,-47,-91,-93,-84,-106,-168,-162,-165,-163,-163,-166,-300,-295,-365,-385,-382,-380,-379,-362,-29994,388]} 1. Nf3 c5 2. c4 Nc6 3. Nc3 e5 4. g3 g6 5. Bg2 Bg7 6. O-O d6 7. a3 Nge7 8. d3 O-O 9. Rb1 a5 10. Ne1 Be6 11. Nc2 d5 12. cxd5 Nxd5 13. Ne3 Nde7 14. Nc4 Rb8 {A37: Symmetrical English vs ...g6: 4 Bg2 Bg7 5 Nf3} (14... h6 15. Be3 b6 16. Qa4 Bd7 17. Qd1 Rb8 18. f4 Nf5 19. Bd2 b5 20. Nxe5 Nxe5 21. fxe5 Bxe5 22. Kh1 {½-½ (58) Radjabov,T (2713)-Grischuk,A (2783) Beijing 2013}) 15. Bg5 f6 16. Be3 b6 {Black has an edge.} 17. Qa4 Nd4 18. Bxd4 exd4 19. Nb5 Nd5 20. b4 $146 ({Predecessor:} 20. Nbd6 b5 21. Nxb5 Qd7 22. Ncd6 {½-½ (40) Valsecchi,A (2418)-Spence,D (2218) Caleta 2014}) 20... axb4 {Threatens to win with ...Qd7.} 21. axb4 Nxb4 22. Rxb4 cxb4 23. Ncd6 (23. Qxb4 $17 f5 24. Ra1) 23... Qe7 $19 24. Rc1 {[#] intending Rc7.} Rfd8 $1 {[%cal Rd8d6]} 25. Qxb4 Bf8 {[%cal Rd8d6]} 26. Qxd4 (26. Rc6 $142) 26... Rxd6 27. Qxd6 Qxd6 28. Nxd6 Bxd6 29. Rc6 Rc8 ({Weaker is} 29... Rd8 30. Rxb6 Kf7 31. e3 $19) 30. Rxd6 $2 {[#]} (30. e3 $19) 30... Rc1+ {[%mdl 32768] Accuracy: White = 44%, Black = 100%. . Loss on time!?} 0-1

[Event "EICC 2019"]
[Site "Skopia"]
[Date "2019.03.29"]
[Round "11.3"]
[White "Nisipeanu, Liviu-Dieter"]
[Black "Piorun, Kacper"]
[Result "1/2-1/2"]
[WhiteElo "2670"]
[BlackElo "2631"]
[Annotator "TA"]
[PlyCount "33"]
[EventDate "2019.03.18"]
[EventType "swiss"]
[EventCountry "MKD"]
[SourceTitle "playchess.com"]
[Source "ChessBase"]
[SourceQuality "1"]

{[%evp 14,33,39,10,13,14,27,14,21,20,30,18,23,19,26,11,8,12,28,17,28,21]} 1. e4 c6 2. d4 d5 3. exd5 cxd5 4. Bd3 Nc6 5. c3 g6 6. Nf3 Nh6 7. O-O Bf5 8. Re1 Bxd3 $1 {B13: Caro-Kann: Exchange Variation and Panov-Botvinnik Attack} (8... Bg7 9. h3 O-O 10. Na3 Rc8 11. Nc2 Bxd3 12. Qxd3 Nf5 13. Bf4 Qb6 14. Rab1 Rfe8 15. a3 Na5 16. Nb4 {1-0 (42) Ragger,M (2687)-Gouloutis,N (2353) Skopje 2018}) 9. Qxd3 Bg7 10. Bf4 O-O {The position is equal.} 11. Nbd2 Nf5 12. Re2 Re8 $146 ({Predecessor:} 12... e6 13. Nf1 Rc8 14. Ng3 Nxg3 15. Bxg3 a6 16. Nd2 Na5 17. Nb3 Qb6 18. Nc5 Qc6 19. Rc1 b5 {½-½ (19) Gorsek,G (2009)-Lesjak,M (2126) Sentjur 2009}) 13. Rae1 e6 14. h3 Rc8 15. g4 Nd6 16. h4 h6 17. Qe3 1/2-1/2

[Event "EICC 2019"]
[Site "Skopia"]
[Date "2019.03.29"]
[Round "11.4"]
[White "Movsesian, Sergei"]
[Black "Berkes, Ferenc"]
[Result "1/2-1/2"]
[WhiteElo "2627"]
[BlackElo "2666"]
[Annotator "TA"]
[PlyCount "30"]
[EventDate "2019.03.18"]
[EventType "swiss"]
[EventCountry "MKD"]
[SourceTitle "playchess.com"]
[Source "ChessBase"]
[SourceQuality "1"]

{[%evp 15,30,12,16,14,18,0,0,0,0,0,0,0,0,0,0,0,0]} 1. e4 c6 2. d4 d5 3. Nc3 dxe4 4. Nxe4 Nf6 5. Nxf6+ exf6 6. Bc4 Bd6 7. Qe2+ Qe7 8. Qxe7+ Kxe7 {The position is equal.} 9. Bd2 $146 {B15: Caro-Kann: 3 Nc3: 3...g6 and 3...dxe4 4 Nxe4 Nf6 5 Nxf6+ exf6} (9. Ne2 {is more complex.} Bf5 10. c3 Re8 11. O-O Nd7 12. Ng3) (9. Ne2 Be6 10. Bd3 a5 11. Bf4 Nd7 12. O-O-O Nb6 13. Rhe1 Rhe8 14. Bxd6+ Kxd6 15. b3 a4 16. c4 Kc7 17. Kb2 axb3 18. axb3 {1-0 (61) Kokarev,D (2595)-Oparin,G (2612) Cheliabinsk 2018}) 9... Be6 (9... Re8 {seems wilder.} 10. O-O-O Be6 11. Re1 Na6 12. a3 Kf8) 10. Bxe6 fxe6 11. O-O-O c5 12. Ne2 Nc6 13. Be3 cxd4 14. Nxd4 Nxd4 15. Rxd4 Bc5 1/2-1/2

[Event "EICC 2019"]
[Site "Skopia"]
[Date "2019.03.29"]
[Round "11.5"]
[White "Anton Guijarro, David"]
[Black "Oparin, Grigoriy"]
[Result "1/2-1/2"]
[WhiteElo "2643"]
[BlackElo "2613"]
[Annotator "TA"]
[PlyCount "71"]
[EventDate "2019.03.18"]
[EventType "swiss"]
[EventCountry "MKD"]
[SourceTitle "playchess.com"]
[Source "ChessBase"]
[SourceQuality "1"]

{[%evp 13,71,7,15,16,18,10,23,-15,-15,-15,-15,-21,17,13,46,0,0,-2,52,49,153,97,106,50,38,5,4,15,12,9,10,4,43,0,0,0,0,0,0,0,0,0,8,15,6,16,10,0,0,0,0,0,0,0,0,0,0,0,0,0]} 1. c4 e6 2. Nc3 d5 3. d4 Be7 4. cxd5 exd5 5. Bf4 c6 6. e3 Bf5 7. Nge2 Nd7 8. h4 {D31: Queen's Gambit Declined: Semi-Slav without ...Nf6 (+ Marshall Gambit and Noteboom) and Exchange Variation lines without ...Nf6} g6 $146 ({Predecessor:} 8... Bxh4 9. Qb3 Nb6 10. a4 Bc8 11. a5 Nc4 12. e4 Be7 13. exd5 cxd5 14. Nb5 Nd6 15. Nec3 Nf6 16. Nxd5 Nxd5 17. Qxd5 Nxb5 18. Bxb5+ {1-0 (33) Ding,L (2813)-Tang,A (2487) chess.com INT 2019}) 9. Ng3 Be6 10. e4 {White has an edge.} dxe4 11. Ngxe4 Ngf6 12. Nd6+ Kf8 (12... Bxd6 $5 13. Bxd6 Nb6 $11) 13. Qd2 $36 {[%mdl 2048] White is pushing.} ({But not} 13. Nxb7 Qb6 $15) 13... Nd5 14. Nxb7 Qb6 15. Bh6+ Ke8 (15... Kg8 $11 16. Nc5 Nxc5 17. dxc5 Qxc5) 16. Nc5 Rb8 {[#]} ({Black should try} 16... Nxc5 $14 17. dxc5 Qxc5) 17. N3a4 (17. N5a4 $142 $1 {[%cal Ra4b6]} Qb4 18. O-O-O) 17... Qb4 $16 {[%cal Rd7c5] [#]} 18. Qxb4 ({White should play} 18. b3 $1 $16) 18... Rxb4 $14 19. a3 Nxc5 20. axb4 Nb3 {[%mdl 64] Double Attack} 21. Rd1 {Hoping for Nc5.} Bxb4+ 22. Ke2 Kd7 23. Nc5+ Nxc5 {The position is equal.} 24. dxc5 Bxc5 25. Kf3 Rb8 26. Bc4 Rxb2 27. Rd2 Rb4 28. Rc1 {And now Bxd5 would win.} Bb6 29. Bf8 Ra4 30. Ra2 (30. g3 {with more complications.} h5 31. Bg7 Ke8 32. Be2 Ne7 33. Kg2) 30... Rxa2 31. Bxa2 h5 32. Bc5 Bg4+ 33. Ke4 Be6 {aiming for ...Nf6+.} 34. Kf3 Bg4+ 35. Ke4 Be6 {Strongly threatening ...Nf6+.} 36. Kf3 {Accuracy: White = 63%, Black = 65%.} 1/2-1/2

[Event "EICC 2019"]
[Site "Skopia"]
[Date "2019.03.29"]
[Round "11.6"]
[White "Rakhmanov, Aleksandr"]
[Black "Cheparinov, Ivan"]
[Result "1/2-1/2"]
[WhiteElo "2629"]
[BlackElo "2683"]
[Annotator "TA"]
[PlyCount "43"]
[EventDate "2019.03.18"]
[EventType "swiss"]
[EventCountry "MKD"]
[SourceTitle "playchess.com"]
[Source "ChessBase"]
[SourceQuality "1"]

{[%evp 21,43,0,24,10,8,12,12,0,0,0,0,0,0,0,0,0,0,0,0,0,8,10,16,14]} 1. Nf3 d5 2. g3 Nf6 3. Bg2 e6 4. O-O Be7 5. d4 O-O 6. c4 dxc4 7. Qc2 b6 {E05: Open Catalan: 5 Nf3 Be7} (7... a6 8. a4 Bd7 9. Qxc4 Bc6 10. Bf4 Bd6 11. Qc1 Bd5 12. Nc3 Nc6 13. Rd1 Nb4 14. Bg5 Be7 15. Nxd5 exd5 16. a5 Nc6 17. Ne5 Na7 18. Nd3 Nb5 19. Ra4 c6 20. Qc2 Re8 21. Bc1 Rc8 {½-½ (21) Fedoseev,V (2714)-Aronian,L (2765) Germany 2019}) 8. Qxc4 Bb7 9. Bg5 Nbd7 10. Nc3 c5 11. Rfd1 Qc8 {LiveBook: 5 Games} 12. Rac1 h6 {The position is equal.} 13. Bxf6 Nxf6 14. dxc5 Bxc5 {[#]} 15. Ne5 $146 ({Predecessor:} 15. Qf4 Rd8 16. Ne5 Bxg2 17. Kxg2 Rxd1 18. Rxd1 {½-½ (60) Erdos,V (2577)-Bartel,M (2653) Katowice 2016}) 15... Bxg2 16. Kxg2 Qb7+ 17. f3 Rac8 {[#] White must now prevent ...Be3.} 18. Qa4 Be3 19. Rb1 a6 20. Nd7 Nxd7 21. Rxd7 Qc6 22. Qxc6 1/2-1/2

[Event "EICC 2019"]
[Site "Skopia"]
[Date "2019.03.29"]
[Round "11.7"]
[White "Esipenko, Andrey"]
[Black "Ponomariov, Ruslan"]
[Result "1/2-1/2"]
[WhiteElo "2603"]
[BlackElo "2667"]
[Annotator "TA"]
[PlyCount "31"]
[EventDate "2019.03.18"]
[EventType "swiss"]
[EventCountry "MKD"]
[SourceTitle "playchess.com"]
[Source "ChessBase"]
[SourceQuality "1"]

{[%evp 16,19,33,16,31,0]} 1. d4 Nf6 2. Nf3 e6 3. c4 d5 4. Nc3 Nbd7 5. Bf4 dxc4 6. e3 Nd5 7. Bxc4 Nxf4 8. exf4 Nb6 {D37: Queen's Gambit Declined: 5 Bf4} 9. Bd3 {LiveBook: 7 Games} (9. Bb3 Bd6 10. g3 Bd7 11. O-O O-O 12. Qd3 Bc6 13. Rad1 Qf6 14. Ne5 Bxe5 15. fxe5 Qf3 16. Qxf3 Bxf3 {½-½ (32) Wojtaszek,R (2727)-Wang,H (2722) Porto Carras 2018}) 9... g6 10. O-O {Predecessor:} Bg7 $146 11. Qe2 O-O 12. Rad1 Nd5 13. Nxd5 exd5 14. f5 Re8 15. Qc2 Qd6 16. Rfe1 {0-1 (47) Balokas,D (2269)-Nikolaidis,I (2534) Heraklion 2018} 1/2-1/2

[Event "EICC 2019"]
[Site "Skopia"]
[Date "2019.03.29"]
[Round "11.8"]
[White "Safarli, Eltaj"]
[Black "Bluebaum, Matthias"]
[Result "1-0"]
[WhiteElo "2662"]
[BlackElo "2616"]
[Annotator "TA"]
[PlyCount "57"]
[EventDate "2019.03.18"]
[EventType "swiss"]
[EventCountry "MKD"]
[SourceTitle "playchess.com"]
[Source "ChessBase"]
[SourceQuality "1"]

{[%evp 20,57,0,-8,15,15,2,4,21,0,20,0,27,0,25,25,25,25,25,20,20,34,41,14,383,360,384,366,380,371,363,355,359,275,520,532,699,656,1317,437]} 1. e4 e6 2. d4 d5 3. Nd2 c5 4. Ngf3 cxd4 5. Nxd4 Nc6 6. Bb5 Bd7 7. Nxc6 bxc6 8. Bd3 Qc7 9. Qe2 {C07: French Tarrasch: 3...c5, 4 Ngf3 and 4 exd5 Qxd5} Ne7 10. Nf3 (10. O-O Ng6 11. Nf3 Bd6 12. c4 dxe4 13. Bxe4 O-O 14. Rd1 Rad8 15. h3 c5 16. b3 Bc6 {0-1 (40) Nepomniachtchi,I (2763)-Vitiugov,N (2719) St Petersburg 2018}) 10... Ng6 11. e5 {LiveBook: 19 Games. The position is equal.} f6 {[%cal Rg6e5]} 12. Bxg6+ hxg6 13. O-O $146 ({Predecessor:} 13. Qd3 Kf7 14. Qd4 Qb6 15. Qf4 Qb4+ 16. Qxb4 Bxb4+ {0-1 (42) Idani,P (2543)-Lenderman,A (2600) Baku 2016}) 13... Kf7 14. c4 Be7 15. Bf4 Qb6 16. h4 d4 {[#]} 17. b4 $1 {[%mdl 512]} a5 (17... Qxb4 18. Rab1) 18. Rad1 axb4 {...c5 is the strong threat.} 19. Rxd4 Rad8 $1 20. exf6 gxf6 21. Be5 (21. Rfd1 $5 {[%cal Rd4d7]} Bc8 22. Rxd8 Bxd8 23. Qc2 $11) 21... fxe5 $4 {[%mdl 8192]} (21... Kg7 $1 $11 {and Black stays safe.} 22. c5 Qxc5) 22. Nxe5+ $18 Kg7 23. Rxd7 Rxd7 24. Qg4 ({Worse is} 24. Nxd7 Qd4 $11) 24... Rh6 {[#] Hoping for ...Rb7.} 25. Nxd7 Qc7 26. Qxe6 Bxh4 $2 (26... Qd6 {is a better defense.} 27. Re1 Qxe6 28. Rxe6 Bxh4) 27. g3 {White is clearly winning.} Qd8 28. Re1 Qg5 29. Kf1 {Precision: White = 46%, Black = 28%.} (29. Qd6 $142 Rh8 30. Qd4+ Kh7 31. Re4) 1-0

[Event "EICC 2019"]
[Site "Skopia"]
[Date "2019.03.29"]
[Round "11.9"]
[White "Edouard, Romain"]
[Black "Huschenbeth, Niclas"]
[Result "0-1"]
[WhiteElo "2658"]
[BlackElo "2594"]
[Annotator "TA"]
[PlyCount "96"]
[EventDate "2019.03.18"]
[EventType "swiss"]
[EventCountry "MKD"]
[SourceTitle "playchess.com"]
[Source "ChessBase"]
[SourceQuality "1"]

{[%evp 15,96,-2,10,8,8,14,6,0,22,0,7,0,32,25,22,27,24,22,31,21,32,29,50,14,39,29,68,18,18,0,4,0,0,0,0,0,34,50,40,39,43,48,43,5,39,57,54,16,19,0,0,-20,-22,-71,-30,-187,-187,-187,-187,-187,-187,-29996,-187,-187,-187,-187,-187,-187,-187,-181,0,-175,0,-206,-207,-966,-966,-29986,-29987,-29987,-911,-29988,-29989]} 1. d4 Nf6 2. Nf3 d5 3. e3 e6 4. Bd3 c5 5. O-O Nc6 6. c3 Be7 7. Nbd2 O-O 8. dxc5 Bxc5 9. b4 {D05: Colle System with ...e6} Be7 (9... Bd6 10. Bb2 e5 11. e4 Bg4 12. Re1 Bc7 13. h3 Bh5 14. exd5 Qxd5 15. Ne4 Nxe4 16. Bxe4 Qxd1 17. Raxd1 f6 18. Rd7 {0-1 (42) Artemiev,V (2695)-Ponkratov,P (2603) Sochi 2017}) 10. Bb2 a6 11. a4 $146 {The position is equal.} ({Predecessor:} 11. a3 b5 12. a4 bxa4 13. Rxa4 Qc7 14. Qa1 Nd7 15. Bxa6 Nb6 16. Ra3 Bxa6 17. Rxa6 Rxa6 18. Qxa6 {½-½ (26) Henke,S (1517)-Basson,H (1343) LSS email 2011}) 11... Bd7 12. e4 Qc7 13. Re1 dxe4 14. Nxe4 Nxe4 15. Bxe4 Bf6 16. Qb1 h6 17. c4 Bxb2 18. Qxb2 Rfd8 19. Rac1 Ne7 20. b5 Be8 21. Qb4 {aiming for b6.} (21. b6 $5 {[%cal Rb6c7]} Qc8 22. Qa3 $14) 21... axb5 22. axb5 Rac8 23. Nd2 b6 24. Nb3 Qd6 25. Qa4 f5 26. Bb7 Rb8 27. c5 bxc5 28. Nxc5 e5 $1 29. Ba6 e4 30. Nb7 Qd4 31. Qa3 Rd7 32. Nc5 Rd6 33. Qg3 {And now Ne6! would win.} Rbb6 $36 {[%mdl 2048] Black is pushing.} 34. Nb7 Rg6 35. Qb8 $2 {[#]} (35. Qb3+ $11 {and White has nothing to worry.} Kh7 36. Nc5) 35... Rxg2+ $1 $19 {[%mdl 512]} 36. Kxg2 Rg6+ 37. Kh1 Qxf2 {[%csl Gg6][%cal Rf2g2]} 38. Qxe8+ Kh7 {[%csl Gg6][%cal Rf2g2]} 39. Qxg6+ Nxg6 40. Rf1 Qd2 {[%mdl 1024] Black has strong compensation.} 41. Rcd1 Qc2 42. Rc1 Qd2 43. Rcd1 {[#]} Qg5 $2 (43... Qe2 $1 $19 {( -> ...Nh4)} 44. Rde1 Qa2) 44. Rd7 $2 (44. b6 $11 {and White stays safe.} e3 45. Nd6) 44... Ne5 45. Rg1 $2 {[#]} (45. Nc5 Nxd7 46. Nxd7) 45... Ng4 $1 {[%cal Rg4f2]} 46. Rg2 Qc1+ 47. Rg1 Nf2+ 48. Kg2 Qf4 {Accuracy: White = 40%, Black = 71%.} 0-1

[Event "EICC 2019"]
[Site "Skopia"]
[Date "2019.03.29"]
[Round "11.10"]
[White "Lupulescu, Constantin"]
[Black "Gelfand, Boris"]
[Result "1/2-1/2"]
[WhiteElo "2611"]
[BlackElo "2655"]
[Annotator "TA"]
[PlyCount "59"]
[EventDate "2019.03.18"]
[EventType "swiss"]
[EventCountry "MKD"]
[SourceTitle "playchess.com"]
[Source "ChessBase"]
[SourceQuality "1"]

{[%evp 16,59,8,5,0,3,0,0,1,0,0,0,0,0,0,0,0,0,30,30,30,30,30,30,30,30,36,40,39,29,33,31,39,25,49,0,0,0,0,0,0,0,0,0,0,0]} 1. d4 Nf6 2. Nf3 d5 3. g3 g6 4. Bg2 Bg7 5. O-O O-O 6. c4 dxc4 7. Na3 c5 8. Nxc4 Be6 9. b3 Nc6 {[%cal Rc5d4] D77: Fianchetto Grünfeld: 6 0-0: Replies other than 6...c6} 10. Bb2 cxd4 11. Nxd4 Nxd4 12. Qxd4 Qxd4 13. Bxd4 {[#]} Rfd8 $146 ({Predecessor:} 13... Nd5 14. Rfd1 Rad8 15. Bxg7 Kxg7 16. Rd3 b5 17. Bxd5 Rxd5 18. Rxd5 Bxd5 {½-½ (28) Malakhov,V (2686)-Matlakov,M (2735) St Petersburg 2017}) 14. Rad1 Nd5 15. Bxg7 Kxg7 16. Rd2 {[#] And now Rfd1 would win.} Nb6 17. Nxb6 axb6 18. Rfd1 Rxd2 19. Rxd2 $11 {[%mdl 4096] Endgame KRB-KRB} Ra7 20. f4 f5 21. Kf2 b5 22. Bd5 Kf7 23. Ke3 b6 24. Bc6 b4 25. Rd4 Rxa2 {The position is equal.} 26. Rxb4 Ra3 27. Ba4 b5 $1 {[%cal Rb5a4]} 28. Rxb5 Bd7 29. Rb4 Bxa4 30. Rxa4 {Accuracy: White = 75%, Black = 83%.} 1/2-1/2

[Event "EICC 2019"]
[Site "Skopia"]
[Date "2019.03.29"]
[Round "11.11"]
[White "Petrov, Nikita"]
[Black "Zvjaginsev, Vadim"]
[Result "1/2-1/2"]
[WhiteElo "2591"]
[BlackElo "2642"]
[Annotator "TA"]
[PlyCount "60"]
[EventDate "2019.03.18"]
[EventType "swiss"]
[EventCountry "MKD"]
[SourceTitle "playchess.com"]
[Source "ChessBase"]
[SourceQuality "1"]

{[%evp 18,60,12,0,11,-7,0,-13,-16,-12,-11,-10,-10,-10,-13,-19,-10,-10,-8,-16,-8,-4,0,-10,-10,-13,-14,-11,-3,-4,0,0,0,0,0,0,0,0,0,0,0,0,0,0,0]} 1. e4 c5 2. Nf3 e6 3. c3 Nf6 4. e5 Nd5 5. d4 cxd4 6. cxd4 d6 7. Bc4 Be7 8. O-O {B22: Sicilian: 2 c3} O-O 9. Bd2 (9. Qe2 Nc6 10. Rd1 Na5 11. Bxd5 exd5 12. Nc3 Be6 13. Bf4 a6 14. h3 Re8 15. exd6 Bxd6 16. Bxd6 Qxd6 17. Qe5 Nc4 18. Qxd6 Nxd6 {½-½ (32) Nisipeanu,L (2672)-Grischuk,A (2785) Heraklio 2017}) 9... dxe5 10. dxe5 {LiveBook: 12 Games. The position is equal.} Nb6 11. Bb3 Bd7 12. Qe2 $146 ({Predecessor:} 12. Nc3 Bc6 13. Bf4 Qxd1 14. Bxd1 N8d7 15. Be2 Nc5 {0-1 (34) Vatkali,D (1991)-Cramling,P (2499) Porto Rio 2014}) 12... Ba4 13. Bxa4 Nxa4 14. Nc3 Nxc3 15. Bxc3 Nc6 16. Rfd1 Qc7 17. Nd4 Rad8 18. Nxc6 Qxc6 19. h3 h6 20. Rxd8 (20. Bd4 {feels hotter.} b6 21. Rac1 Qb7 22. Be3 Qe4 23. Qa6) 20... Rxd8 21. Rd1 Rxd1+ 22. Qxd1 b6 23. Qd4 a5 24. a4 Bc5 25. Qd8+ Kh7 26. Qd3+ Kg8 27. Qd8+ Kh7 28. Qd3+ g6 29. b3 Kg7 30. Bd2 Bb4 {Precision: White = 78%, Black = 70%.} 1/2-1/2

[Event "EICC 2019"]
[Site "Skopia"]
[Date "2019.03.29"]
[Round "11.12"]
[White "Lysyj, Igor"]
[Black "Aleksandrov, Aleksej"]
[Result "1/2-1/2"]
[WhiteElo "2635"]
[BlackElo "2574"]
[Annotator "TA"]
[PlyCount "63"]
[EventDate "2019.03.18"]
[EventType "swiss"]
[EventCountry "MKD"]
[SourceTitle "playchess.com"]
[Source "ChessBase"]
[SourceQuality "1"]

{[%evp 19,63,32,38,29,18,0,0,0,32,32,32,37,37,33,38,32,38,35,39,38,70,70,56,24,29,0,57,44,75,55,62,66,85,43,44,0,0,0,0,0,0,0,0,-135,0,-76]} 1. d4 d5 2. c4 e6 3. Nf3 Nf6 4. g3 Be7 5. Bg2 O-O 6. O-O dxc4 7. Ne5 Nc6 8. Bxc6 bxc6 9. Nxc6 Qe8 10. Nxe7+ Qxe7 11. Qc2 {E05: Open Catalan: 5 Nf3 Be7} c5 12. Rd1 cxd4 $146 ({Predecessor:} 12... Rd8 13. dxc5 Rxd1+ 14. Qxd1 Bb7 15. Nc3 Qxc5 16. Be3 Qc6 17. f3 e5 18. Qa4 Nd5 19. Qxc6 Bxc6 20. Nxd5 Bxd5 {½-½ (30) Erdos,V (2661)-Kravtsiv,M (2609) Germany 2013}) 13. Rxd4 Ba6 14. Bg5 h6 15. Bxf6 $1 Qxf6 16. Rd6 Bb7 17. Nc3 {[%cal Bb1c3,Bc3d1,Bd1e3][%mdl 32]} Rfc8 18. Rad1 Qe5 19. R1d4 Bc6 20. Qd2 Be8 21. Nd1 Rab8 22. Ne3 Bb5 (22... Qb5 $1 $11) 23. Qa5 {[#] a4 is the strong threat.} Qh5 24. f3 ({Stronger than} 24. Qxa7 Qxe2 25. a4 Ra8 $17) 24... Qg6 25. Kf2 ({Of course not} 25. Qxa7 Qb1+ 26. Kf2 Qxb2 $15) 25... Qb1 26. a4 ({Don't play} 26. Qxa7 Qxb2 27. a4 Qa3 $11) 26... Be8 27. Rxc4 Rxc4 28. Nxc4 Qh1 29. Qh5 Bxa4 30. Qh4 Bb5 {[#] And now ...Bxc4 would win.} 31. Ne5 (31. Ne3 $11 Qb1 32. Qb4) 31... a6 (31... f6 $17 32. Nc4 Bxc4 33. Qxc4 Qxh2+ 34. Kf1 Qxg3 35. Rxe6 Kh7 36. Qd3+ Qg6 37. Qxg6+ Kxg6) 32. Rd2 {Accuracy: White = 47%, Black = 55%.} (32. b3 $1 $11 {keeps the balance.}) 1/2-1/2

[Event "EICC 2019"]
[Site "Skopia"]
[Date "2019.03.29"]
[Round "11.13"]
[White "Christiansen, Johan-Sebastian"]
[Black "Fridman, Daniel"]
[Result "1/2-1/2"]
[WhiteElo "2539"]
[BlackElo "2633"]
[Annotator "TA"]
[PlyCount "97"]
[EventDate "2019.03.18"]
[EventType "swiss"]
[EventCountry "MKD"]
[SourceTitle "playchess.com"]
[Source "ChessBase"]
[SourceQuality "1"]

{[%evp 17,97,-20,0,0,-6,0,-6,-8,20,22,20,0,0,0,0,0,1,-23,-2,0,0,0,18,0,0,0,17,22,69,-22,0,0,10,6,0,0,77,42,40,46,40,47,49,44,37,37,50,47,54,33,76,57,154,161,577,566,571,552,559,554,542,0,426,0,531,531,462,207,190,0,0,0,0,0,0,0,0,0,0,0,0,0]} 1. e4 c6 2. Nf3 d5 3. Nc3 Bg4 4. h3 Bxf3 5. Qxf3 e6 6. d4 Nf6 7. Bd3 dxe4 8. Nxe4 Qxd4 {B11: Caro-Kann: Two Knights Variation} 9. O-O Be7 {LiveBook: 3 Games} 10. c3 Qa4 $146 ({Predecessor:} 10... Qd8 11. Rd1 Nbd7 12. Bc2 Qc7 13. Bf4 e5 14. Bg3 Nd5 15. Bb3 O-O 16. Bxd5 cxd5 17. Rxd5 {0-1 (34) Ducarmon,Q (2479)-Braun,A (2598) chess.com INT 2019}) 11. b3 Qa5 12. b4 Qc7 13. Bf4 e5 14. Bh2 Nd5 15. Rfe1 Nd7 16. Rad1 O-O 17. Ng3 Rfe8 18. Bc4 N7b6 19. Bb3 $1 Bf8 20. Nh5 Re6 21. a3 Qe7 22. c4 Nc7 23. Qc3 (23. Ng3 $1 $14) 23... g6 24. Ng3 {[%cal Bh5g3,Bg3f1,Bf1e3][%mdl 32]} f5 25. Nf1 {[%cal Re1e5]} Bg7 26. Ne3 e4 (26... f4 $11 {keeps the balance.} 27. Nc2 Bf6) 27. Qc2 {[#] Strongly threatening Bxc7.} Be5 28. c5 $36 {[%mdl 2048] White is pushing.} Nbd5 29. Nxd5 Nxd5 30. Bxd5 cxd5 31. Rxd5 Bxh2+ 32. Kxh2 Re8 33. Qd2 {aiming for Rd7.} Qc7+ 34. Kg1 R8e7 (34... R6e7 $14) 35. Rd6 $16 b6 $2 (35... Re8 {is tougher.} 36. Rd7 Qc6) 36. Qd5 $18 Kf7 37. g4 Kf6 38. Qd4+ Kf7 39. Qd5 Kf6 $1 40. Qd4+ Kf7 41. gxf5 gxf5 42. Qd5 (42. Kh1 $142) 42... Kf6 {[#]} 43. Kh1 $2 ({White has to play} 43. Rd1 $1 $18) 43... bxc5 $11 {The position is equal.} 44. bxc5 {Hoping for Qd4+.} Rxd6 45. cxd6 Qc3 46. dxe7 Qxh3+ 47. Kg1 {Black must now prevent Qd8.} Qg4+ 48. Kf1 Qh3+ 49. Kg1 {Precision: White = 48%, Black = 41%.} 1/2-1/2